000 02776nam a2200409 4500
003 PE-LiUPU
005 20250731173119.0
008 210817n 000 0 eng u
020 _a9789004236011
035 _a(Sirsi) a252881
082 0 4 _a246.0942
_bD18
100 1 _aDavis, David J.
_eautor
245 1 0 _aSeeing faith, printing pictures :
_breligious identity during the English Reformation /
_cpor David J. Davis.
264 _aLeiden ; Boston :
_bBrill,
_c2013.
300 _a[xiv], 243 páginas;
_c24 centímetros.
505 0 _aReligious Identity and the English Reformation(s). -Studying Early Modern Printed Image. -Seeing Faith, Reading images. -Sources and Chapters. -1. Material Religion: The Image in Early Modern Print. -The Public Sphere and Commodification. -Censorship and Religious Identity. -English Printed Images: A European Tradition. -Moving Images in the Marketplace. -2. Printed Images and the Reformation in England. -Iconoclasm and Protestant Adiaphora. -Reformed Theology and Boundaries of Acceptability. -Theodore Beze and Peter Martyr Vermigli. -William Perkins. -The Catholic Opposition. -Translation and Mistranslation. -Protestant Hypocrisy. -3. Christ, the Virgin, and the Catholic Tradition of Printed Images. -Catholic Primers and English Protestantism. -Catholic Printers in Reformation England. -Images of the Virgin. -Images of Christ and the Catholic Community. - 4. Representations of Christ: Reforming the Imitatio Christi Protestants and the God-Man. -From Corpus Christi to Christ Displayed. -Protestant Identity and the Imitatio Christi. -The Suffering Christ: Meditation and Imitation. -Seeing the End: Resurrection and Judgment. -5. Seeing God Protestant Visions of the Father: Traditional Images and Recycled Prints. -Godd in Illustrated Bibles. -The Exception of Divine Visions. -God at Creation. -6. Reforming Deity: Symbolic Pictures of God:. -Continuity and Change. -A Reformedd Icon?: Symbols of God. -The Devotional Image.
526 _aSEG42
526 _aSEG41
526 _aSEG40
526 _aSEG39
526 _aP94
526 _aP87
526 _aP86
526 _aP85
526 _aP77
526 _aP76
526 _aP35
650 1 4 _aReforma y arte
_zInglaterra.
650 2 4 _aLiteratura cristiana
_xIlustraciones.
650 2 4 _aIlustración de libros
_zInglaterra.
650 2 4 _aIdentificación (religión).
598 _aCATALOGING
596 _a1
942 _2ddc
_cBOOK
949 _a246.0942 D18
_wDEWEY
_c1
_i70896
_mBC
_p156.00
_r0
_sY
_tLIBRO
_u2021-04-20
_xFACTEO
_zTeología
_oSTAFF. Colección General
999 _a246.0942 D18
_wDEWEY
_c32079
_i70896
_f2022-6-8
_g1
_lCCODEBUL1
_mBUL
_p156.00
_r0
_sY
_tBOOK
_u2021-8-17
_xTEOLOGIA
_PP35
_0UNKNOWN
_d32079
980 _81
_gALBERTO SANCHEZ Responsable de Automatización